Les plus grandes villes de Polynésie Française - Statistiques

Statistiques générales
  • Ce quiz a été pris 98 fois
  • Le résultat moyen est 7 sur 21
Statistiques - réponses
Population (2012) Ville % Correct
25,769 Papeete
95%
29,687 Faaa
66%
9,610 Bora Bora
52%
14,351 Mahina
48%
14,129 Pirae
45%
17,236 Moorea-Maiao
41%
11,143 Papara
41%
27,613 Punaauia
41%
9,537 Arue
39%
12,541 Paea
35%
6,313 Huahine
30%
2,966 Nuku-Hiva
30%
3,281 Rangiroa
28%
5,220 Tahaa
27%
9,398 Teva I Uta
24%
9,585 Hitiaa O Te Ra
22%
3,697 Uturoa
18%
12,253 Taiarapu-Est
16%
7,639 Taiarapu-Ouest
13%
3,762 Tumaraa
12%
4,786 Taputapuatea
10%
Aucun quiz correspondant
Distribution des résultats
% des personnes avec chaque résultat
Percentile par nombre de réponses
Votre historique - résultats
Vous n’avez pas pris ce quiz